Key To Success Staff Nurses Requirement Exam (Record no. 158820)
[ view plain ]
| 000 -LEADER | |
|---|---|
| fixed length control field | 00305 a2200109 4500 |
| 020 ## - INTERNATIONAL STANDARD BOOK NUMBER | |
| International Standard Book Number | 9789354655364 |
| 100 ## - MAIN ENTRY--PERSONAL NAME | |
| Personal name | Narwal, Abha |
| 9 (RLIN) | 180300 |
| 245 ## - TITLE STATEMENT | |
| Title | Key To Success Staff Nurses Requirement Exam |
| 250 ## - EDITION STATEMENT | |
| Edition statement | 9 th |
| 260 ## - PUBLICATION, DISTRIBUTION, ETC. (IMPRINT) | |
| Name of publisher, distributor, etc. | Jaypee Brothers Medical Publisher |
| Date of publication, distribution, etc. | 2022 |
| 650 ## - SUBJECT ADDED ENTRY--TOPICAL TERM | |
| Topical term or geographic name as entry element | NURSING FOUNDATION |
| 9 (RLIN) | 181736 |
| Withdrawn status | Lost status | Source of classification or shelving scheme | Damaged status | Not for loan | Home library | Current library | Date acquired | Vendor | Cost, normal purchase price | Total Checkouts | Total Renewals | Barcode | Checked out | Date last seen | Date last checked out | Cost, replacement price | Bill Date | Koha item type | Original Barcode |
|---|---|---|---|---|---|---|---|---|---|---|---|---|---|---|---|---|---|---|---|
| Dewey Decimal Classification | Sitabai Nargundkar College of Nursing Nagpur | Sitabai Nargundkar College of Nursing Nagpur | 20/05/2023 | 102 | 872.00 | 12 | 3 | SNCN-BK-3197 | 07/07/2026 | 13/05/2026 | 13/05/2026 | 1395.00 | 20/05/2023 | Books | 3197 |